Music Quiz

Random Music or Rap Quiz

Hit 'Em Up Quiz Stats

 Plays Quiz not verified by Sporcle

Also try: Best Songs (2000s)
Challenge
Share
Tweet
Embed
Score 0/7 Timer 03:00
0 Plays Today
% Correct
The Notorious B.I.G.
87.5%
Puff Daddy
77%
Junior M.A.F.I.A.
72.4%
Lil' Kim
67.8%
Mobb Deep
67%
Lil' Cease
64.7%
Chino XL
55.7%

You're not logged in!

Compare scores with friends on all Sporcle quizzes.
OR
Log In

You Might Also Like...

Show Comments

Extras

Top Quizzes Today


Score Distribution

Your Account Isn't Verified!

In order to create a playlist on Sporcle, you need to verify the email address you used during registration. Go to your Sporcle Settings to finish the process.

Report this User

Report this user for behavior that violates our Community Guidelines.

Details: